000 00618nam a2200193Ia 4500
003 IN-BaIIA
008 211028s9999 xx 000 0 eng d
040 _cIIA Library
080 _a083.7:721.013
_bISI
110 _aIndian Standards Institution
245 0 _aIndian standard recommendations for modular co-ordination rules for modular planning
_cIndian Standards Institution
260 _aNew Delhi
_bIndian Standards Institution
_c1973
300 _a13p.
500 _aIS 6820 : 1972
650 _a Modular Co-Ordination-Standards
_98798
650 _a Standards 
650 _aNASA Thesaurus 
942 _cBK
999 _c4907
_d4907